| 000 | 005910000a22002050004500 | ||
|---|---|---|---|
| 020 | _a84-206-2067-X | ||
| 041 | 0 | _aSPA | |
| 082 | 0 | 4 | _aG 572 M228i |
| 100 | 1 | _aMair, Lucy (1901-) | |
| 245 | 1 | 0 | _aIntroducción a la antropología social / Lucy Mair ; Carlos Martín Ramírez, Traductor |
| 250 | _a7 | ||
| 260 | _aMadrid, España : Alianza | ||
| 300 | _a303 Pag | ||
| 500 | _aTítulo original : An introduction to social anthropology | ||
| 001 | 10382 | ||
| 942 | _cBK | ||
| 999 |
_c39956 _d39956 |
||
| 336 |
_atexto _btxt _2rdacontent |
||
| 337 |
_2rdamedia _asin mediación _bn |
||
| 338 |
_2rdacarrier _avolumen _bnc |
||